[Event "Amantea U16"]
[Site "Amantea"]
[Date "2011.09.10"]
[Round "8"]
[White "Cammareri, Pasquale"]
[Black "Mazzotta, Giuseppe Antonio"]
[Result "1-0"]
[WhiteElo "1452"]
[BlackElo "1338"]
[PlyCount "71"]
[EventDate "2011.09.04"]
[EventType "swiss"]
[EventRounds "8"]
[EventCountry "ITA"]
[SourceTitle "EXT 2014"]
[Source "ChessBase"]
[SourceDate "2013.11.20"]
[SourceVersion "1"]
[SourceVersionDate "2013.11.20"]
[SourceQuality "1"]

1. d4 d5 2. Nf3 Nc6 3. e3 Nf6 4. Bd3 e6 5. 0-0 Bd7 6. b3 Bd6 7. Bb2 0-0 8. Nbd2 a6 9. c4 dxc4 10. bxc4 b6 11. a3 Na7 12. e4 Be7 13. Qc2 g6 14. Rfe1 b5 15. cxb5 Bxb5 16. Bxb5 Nxb5 17. a4 Na3 18. Bxa3 Bxa3 19. Rxa3 c6 20. Qxc6 Rc8 21. Qxa6 Qc7 22. Raa1 Qd7 23. e5 Ra8 24. Qc4 Rfc8 25. Qb5 Qxb5 26. axb5 Rxa1 27. Rxa1 Nd5 28. Ne4 f5 29. exf6 Nc3 30. Nd6 Rf8 31. f7+ Kg7 32. Ra7 Rb8 33. Rb7 Ra8 34. h3 Nd5 35. Ne5 Rd8 36. Ne8+ 1-0

[Event "Amantea U16"]
[Site "Amantea"]
[Date "2011.09.08"]
[Round "5"]
[White "Mazzotta, Giuseppe Antonio"]
[Black "Serratore, Florin Lorenzo"]
[Result "1-0"]
[WhiteElo "1338"]
[BlackElo "1422"]
[PlyCount "65"]
[EventDate "2011.09.04"]
[EventType "swiss"]
[EventRounds "8"]
[EventCountry "ITA"]
[SourceTitle "EXT 2014"]
[Source "ChessBase"]
[SourceDate "2013.11.20"]
[SourceVersion "1"]
[SourceVersionDate "2013.11.20"]
[SourceQuality "1"]

1. d4 d5 2. Nf3 e6 3. Nc3 Bd6 4. Bd2 Bd7 5. e3 Nc6 6. Bd3 Qe7 7. 0-0 0-0-0 8. h3 g6 9. e4 h5 10. exd5 exd5 11. Nxd5 Qe6 12. c4 Nxd4 13. Nxd4 Qe5 14. Nf3 Qe6 15. Bf4 Nf6 16. Bxd6 Nxd5 17. cxd5 cxd6 18. dxe6 Bxe6 19. Ng5 Bd5 20. Bxg6 fxg6 21. Qxd5 Rhf8 22. Ne6 Rf5 23. Qxf5 gxf5 24. Nxd8 Kxd8 25. f3 Kd7 26. Rfe1 Kc6 27. Rac1+ Kd7 28. g4 d5 29. gxf5 d4 30. f6 d3 31. Rcd1 d2 32. Rxd2+ Kc6 33. Re6+ 1-0

[Event "Filadelfia op 1st"]
[Site "Filadelfia"]
[Date "2009.12.08"]
[Round "6"]
[White "Mazzotta, Giuseppe Antonio"]
[Black "Soluri, Francesco"]
[Result "0-1"]
[WhiteElo "1383"]
[BlackElo "1640"]
[PlyCount "112"]
[EventDate "2009.12.05"]
[EventType "swiss"]
[EventRounds "7"]
[EventCountry "ITA"]
[SourceTitle "EXT 2012"]
[Source "ChessBase"]
[SourceDate "2011.11.24"]
[SourceVersion "1"]
[SourceVersionDate "2011.11.24"]
[SourceQuality "1"]

1. e4 c6 2. d4 d5 3. Nc3 e6 4. Nge2 dxe4 5. Nxe4 Nd7 6. N2c3 Ngf6 7. f3 Be7 8. Bg5 Nxe4 9. Nxe4 Bxg5 10. g3 Be7 11. Bc4 Nf6 12. 0-0 0-0 13. Qe1 b5 14. Bd3 Qxd4+ 15. Nf2 Bc5 16. c3 Qxd3 17. Kg2 Qc2 18. b4 Bxf2 19. Rxf2 Qd3 20. Rd1 Qg6 21. h4 Nd5 22. g4 Nf4+ 23. Kg3 Nd3 24. h5 Nxe1 25. hxg6 Nxf3 26. Rxf3 fxg6 27. Rfd3 a5 28. a3 axb4 29. Rd8 Rxd8 30. Rxd8+ Kf7 31. cxb4 Ke7 32. Rh8 h6 33. Rg8 Kf7 34. Rd8 g5 35. Rd6 Rxa3+ 36. Kf2 Kf6 37. Rxc6 Bd7 38. Rd6 Ke7 39. Rd1 Rb3 40. Rd4 Bc6 41. Ke2 Bd5 42. Kd2 Kd6 43. Kc1 Rc3+ 44. Kd2 Rc4 45. Rd3 Rxg4 46. Ra3 Rxb4 47. Ra6+ Ke5 48. Ra7 g6 49. Rg7 Be4 50. Kc3 Rc4+ 51. Kb3 g4 52. Ra7 Rd4 53. Ra1 h5 54. Re1 g3 55. Rg1 g2 56. Re1 h4 0-1

[Event "Filadelfia op 1st"]
[Site "Filadelfia"]
[Date "2009.12.05"]
[Round "1"]
[White "Mazzotta, Giuseppe Antonio"]
[Black "Mantello, Filippo"]
[Result "0-1"]
[WhiteElo "1383"]
[BlackElo "1640"]
[PlyCount "66"]
[EventDate "2009.12.05"]
[EventType "swiss"]
[EventRounds "7"]
[EventCountry "ITA"]
[SourceTitle "EXT 2012"]
[Source "ChessBase"]
[SourceDate "2011.11.24"]
[SourceVersion "1"]
[SourceVersionDate "2011.11.24"]
[SourceQuality "1"]

1. e4 c5 2. Nf3 d6 3. Bd3 Nc6 4. 0-0 Nf6 5. Nc3 Bg4 6. Be2 e6 7. d3 Be7 8. b3 0-0 9. a4 a6 10. Na2 b5 11. axb5 axb5 12. c4 b4 13. Bb2 Nd7 14. Nxb4 Nxb4 15. d4 Rxa1 16. Bxa1 cxd4 17. Bxd4 Nc6 18. h3 Bxf3 19. Bxf3 Nxd4 20. Qxd4 Qb8 21. Bd1 Nc5 22. Qc3 Nxe4 23. Qd3 Nc5 24. Qc3 Bf6 25. Qa5 Nxb3 26. Bxb3 Qxb3 27. c5 dxc5 28. Qxc5 Rb8 29. Rc1 g6 30. g4 Qxh3 31. Rc3 Qxg4+ 32. Kf1 Bxc3 33. f3 Qxf3+ 0-1